[Event "Tallinn"]
[Site "Tallinn"]
[Date "1985.??.??"]
[Round "?"]
[White "Gavrikov, Viktor"]
[Black "Ehlvest, Jaan"]
[Result "1-0"]
[WhiteElo "2550"]
[BlackElo "2505"]

1.d4 Nf6 2.c4 e6 3.Nf3 b6 4.g3 Bb7 5.Bg2 Be7 6.Nc3 Ne4 7.Bd2 d6 8.d5 Nxd2
9.Nxd2 O-O 10.O-O Kh8 11.f4 c6 12.a3 a6 13.Kh1 cxd5 14.cxd5 Nd7 15.Rc1 Rc8
16.Nb3 Nf6 17.e4 exd5 18.exd5 Qd7 19.Qd3 b5 20.h3 Bd8 21.g4 Bb6 22.Nd2 Rfe8
23.Nde4 Nxe4 24.Nxe4 Rxc1 25.Rxc1 h6 26.Rd1 Qc7 27.g5 Bc8 28.gxh6 g6 29.Qd2 Bxh3
30.Rc1 Bxg2+ 31.Kxg2 Qa7 32.Nxd6 Be3 33.Qc3+ Bd4 34.Nxf7+ Kg8 35.Qc7 Qxc7
36.Rxc7 Bxb2 37.h7+  1-0

[Event "URS-FL"]
[Site "Kujbyshev"]
[Date "1986.??.??"]
[Round "?"]
[White "Ehlvest, Jaan"]
[Black "Temirbaev, Serik"]
[Result "1-0"]
[WhiteElo "2445"]
[BlackElo "2200"]

1.e4 e6 2.d4 d5 3.Nc3 Bb4 4.e5 c5 5.a3 Bxc3+ 6.bxc3 Ne7 7.Qg4 O-O 8.Nf3 Nbc6
9.Bd3 f5 10.exf6 Rxf6 11.Bg5 Rf7 12.Bxe7 Rxe7 13.Qh4 h6 14.O-O c4 15.Bg6 Qd6
16.Ne5 Nxe5 17.dxe5 Qd8 18.f4 Bd7 19.Rae1 Qb6+ 20.Kh1 Qc5 21.h3 Rf8 22.g4 Be8
23.Bxe8 Rexe8 24.f5 d4 25.f6 Qd5+ 26.Kh2 dxc3 27.Re2 Rf7 28.g5 hxg5 29.Qxg5 Rd8
30.Rg2 Rdd7 31.Rf4 Qd2 32.Qg3 b5 33.Rh4 Qd5 34.Qg5 Qf3 35.Qg6  1-0

[Event "URS-FL"]
[Site "Kujbyshev"]
[Date "1986.??.??"]
[Round "?"]
[White "Huzman, Alexander"]
[Black "Ehlvest, Jaan"]
[Result "1-0"]
[WhiteElo "2390"]
[BlackElo "2445"]

1.c4 e5 2.Nc3 Nc6 3.g3 f5 4.Bg2 Nf6 5.e3 g6 6.Nge2 Bg7 7.d3 O-O 8.Rb1 a5
9.a3 Ne7 10.f4 exf4 11.Nxf4 Kh8 12.O-O c6 13.d4 g5 14.Nh5 Nxh5 15.Qxh5 Ng6
16.h4 gxh4 17.e4 Qb6 18.exf5 Qxd4+ 19.Kh1 Ne7 20.Rf4 Qe5 21.Rxh4 Kg8 22.Qxh7+ Kf7
23.Qh5+ Kg8 24.Qh7+ Kf7 25.Bf4 Qxf5 26.Bd6 Rh8 27.Qxh8 Bxh8 28.Rxh8 Kg7 29.Be4 Kxh8
30.Bxf5 Nxf5 31.Ne4 b6 32.Rf1 Ne3 33.Rf7 Kg8 34.Re7 Nf5 35.Re8+ Kg7 36.Re5 Kg6
37.g4 Ne3 38.Rg5+ Kf7 39.c5 Bb7 40.Bf4 Nc4 41.b3 Re8 42.Rf5+ Kg6 43.Rf6+ Kg7
44.Bh6+ Kh8 45.Rf8+  1-0

[Event "URS-FL"]
[Site "Kujbyshev"]
[Date "1986.??.??"]
[Round "?"]
[White "Mikhalchishin, Adrian"]
[Black "Ehlvest, Jaan"]
[Result "1/2-1/2"]
[WhiteElo "2525"]
[BlackElo "2445"]

1.Nf3 d5 2.d4 Nf6 3.c4 c6 4.e3 Bg4 5.h3 Bxf3 6.Qxf3 Nbd7 7.Nc3 e6 8.Bd2 Bb4
9.Bd3 O-O 10.a3 Bd6 11.g4 dxc4 12.Bxc4 Nd5 13.e4 N5b6 14.Ba2 c5 15.d5 exd5
16.Nxd5 Nxd5 17.Bxd5 Nf6 18.Bg5 Qa5+ 19.Bd2 Qd8 20.Bg5 Qa5+  1/2-1/2

[Event "URS-FL"]
[Site "Kujbyshev"]
[Date "1986.??.??"]
[Round "?"]
[White "Ehlvest, Jaan"]
[Black "Sveshnikov, Evgeny"]
[Result "1-0"]
[WhiteElo "2445"]
[BlackElo "2535"]

1.e4 c5 2.Nf3 Nc6 3.Bb5 e6 4.O-O Nge7 5.Nc3 Nd4 6.Nxd4 cxd4 7.Ne2 Nc6 8.c3 Bc5
9.b4 Bb6 10.Bb2 dxc3 11.dxc3 O-O 12.a3 Qh4 13.Ng3 Ne5 14.Qd6 f6 15.c4 Nf7
16.Qd2 d6 17.Rac1 Rd8 18.Rfd1 Bc7 19.Qe2 Bd7 20.Bxd7 Rxd7 21.c5 Re7 22.Rc4 Qh6
23.Bc1 Qg6 24.h4 h6 25.h5 Qh7 26.Bf4 dxc5 27.Bxc7 Rxc7 28.Rxc5 Re7 29.Qc2 Kh8
30.Rc7 Rxc7 31.Qxc7 Qg8 32.Qxb7 Ne5 33.Ne2 Rc8 34.Nf4 Rc3 35.Qe7 Nc6 36.Qxe6 Qxe6
37.Nxe6 Rxa3 38.Rc1 Nxb4 39.Rc8+ Kh7 40.Nf4 Ra5 41.g4 Rg5 42.f3 a5 43.Kf2 a4
44.Ra8 a3 45.Ng6 Rxg6 46.hxg6+ Kxg6 47.Rxa3 h5 48.gxh5+ Kxh5 49.Rc3 Kg6 50.Ke3 Kf7
51.Rc7+ Kg6 52.f4 Kh6 53.Rc4 Na6 54.e5 Kg6 55.e6 f5 56.Kd4 Kf6 57.Kd5 Ke7
58.Ke5 g6 59.Rc6  1-0

[Event "URS-ch otbor"]
[Site "Minsk"]
[Date "1986.??.??"]
[Round "?"]
[White "Kozlov, Vladimir N"]
[Black "Ehlvest, Jaan"]
[Result "0-1"]
[WhiteElo "2400"]
[BlackElo "2465"]

1.e4 e5 2.Nf3 Nc6 3.Bb5 a6 4.Ba4 Nf6 5.O-O Be7 6.Re1 b5 7.Bb3 d6 8.c3 O-O
9.h3 Na5 10.Bc2 c5 11.d3 Bb7 12.Nbd2 Re8 13.Nf1 Rc8 14.Ng3 g6 15.Bh6 Bf8
16.Qd2 Bg7 17.Nf5 Nxe4 18.dxe4 gxf5 19.b3 b4 20.Bxg7 Kxg7 21.Rad1 bxc3 22.Qxc3 f4
23.Nh4 Qxh4 24.Qxa5 Re6 25.Qb6 Qe7 26.Bd3 Rc6 27.Qa5 Rg6 28.Bf1 Rc8 29.b4 cxb4
30.Qxb4 Rg8 31.Rd3 Kh8 32.Qd2 Bc6 33.Rd1 Bxe4 34.Rxd6 R6g7 35.Rd8 Bxg2 36.Rxg8+ Rxg8
37.Bxg2 f3 38.Qd5 Rxg2+ 39.Kf1 Qf6 40.Rd3 e4 41.Rd4 Qf4 42.Rc4 e3 43.Qa8+ Kg7
44.Rxf4 e2+ 45.Ke1 Rg1+ 46.Kd2 e1=Q+ 47.Kd3 Qe2+ 48.Kc3 Rc1+  0-1

[Event "URS-ch otbor"]
[Site "Minsk"]
[Date "1986.??.??"]
[Round "?"]
[White "Sveshnikov, Evgeny"]
[Black "Ehlvest, Jaan"]
[Result "1/2-1/2"]
[WhiteElo "2560"]
[BlackElo "2465"]

1.e4 e5 2.Nf3 Nf6 3.Nxe5 d6 4.Nf3 Nxe4 5.Nc3 Nxc3 6.dxc3 Be7 7.Bf4 O-O 8.Qd2 Nd7
9.O-O-O Nc5 10.Nd4 Ne6 11.Be3 Nxd4 12.cxd4 c6 13.Bd3 Be6 14.Kb1 Qd7 15.c3 Bf5
16.Bxf5 Qxf5+ 17.Qc2 Qxc2+ 18.Kxc2 d5 19.Bf4 Rfe8 20.Rhe1 Bf8 21.Kd2 f6 22.Rxe8 Rxe8
23.Re1 Rxe1 24.Kxe1 Kf7 25.Ke2 a6 26.a4 Ke6 27.Kf3 g6 28.g4 Be7 29.h3 Bf8
30.Ke3  1/2-1/2

[Event "URS-ch otbor"]
[Site "Minsk"]
[Date "1986.??.??"]
[Round "?"]
[White "Ehlvest, Jaan"]
[Black "Grigorian, Karen Ashotovich"]
[Result "0-1"]
[WhiteElo "2465"]
[BlackElo "2405"]

1.e4 c5 2.Nf3 d6 3.d4 cxd4 4.Nxd4 Nf6 5.Nc3 a6 6.Be2 e6 7.O-O Be7 8.a4 O-O
9.f4 Nc6 10.Be3 Qc7 11.Qe1 Nxd4 12.Bxd4 e5 13.Be3 exf4 14.Bxf4 Be6 15.Qg3 Nd7
16.Bh6 Qc5+ 17.Kh1 Qe5 18.Bf4 Qc5 19.Be3 Qe5 20.Bf4 Qc5 21.Bg4 Ne5 22.Bf5 Ng6
23.Bd2 Bf6 24.Qh3 Rfe8 25.Rad1 b5 26.axb5 axb5 27.b3 Bxf5 28.exf5 Nh4 29.b4 Qc6
30.Rf4 Bxc3 31.Bxc3 Nxg2 32.Qxg2 Qxc3 33.Rg1 Ra1 34.Re4 Rxg1+ 35.Kxg1 Qa1+
36.Kf2 Rc8  0-1

[Event "URS-ch U20"]
[Site "Tallinn"]
[Date "1986.??.??"]
[Round "?"]
[White "Ehlvest, Jaan"]
[Black "Dokhoian, Yury"]
[Result "1/2-1/2"]
[WhiteElo "2465"]
[BlackElo "2365"]

1.e4 e5 2.Nf3 Nf6 3.Nxe5 d6 4.Nf3 Nxe4 5.d4 d5 6.Bd3 Bd6 7.O-O O-O 8.c4 c6
9.Qc2 Na6 10.a3 Re8 11.Nc3 Bg4 12.c5 Bc7 13.Nxe4 dxe4 14.Bxe4 Bxf3 15.Bxf3 Qxd4
16.Be3 Rxe3 17.fxe3 Qxe3+ 18.Qf2 Qxf2+ 19.Rxf2 Nxc5 20.Rd1 a5  1/2-1/2

[Event "URS-ch U20"]
[Site "Tallinn"]
[Date "1986.??.??"]
[Round "?"]
[White "Novikov, Igor A"]
[Black "Ehlvest, Jaan"]
[Result "0-1"]
[WhiteElo "2490"]
[BlackElo "2465"]

1.d4 d5 2.c4 c6 3.Nf3 Nf6 4.Nc3 dxc4 5.a4 Bf5 6.e3 e6 7.Bxc4 Bb4 8.O-O Nbd7
9.Qb3 Qb6 10.e4 Bg6 11.Bxe6 fxe6 12.a5 Bxa5 13.Qxe6+ Kd8 14.e5 Ne4 15.Na4 Qb5
16.Nc5 Nf8 17.Qg4 Nxc5 18.dxc5 Ke8 19.Nd4 Qxc5 20.Be3 Qb4 21.f4 h5 22.Qf3 Bb6
23.Rad1 Rd8 24.Nxc6 bxc6 25.Qxc6+ Ke7 26.Rxd8 Bxe3+ 27.Kh1 Kxd8 28.Rd1+ Bd4  0-1

[Event "URS-ch U20"]
[Site "Tallinn"]
[Date "1986.??.??"]
[Round "?"]
[White "Bareev, Evgeny"]
[Black "Ehlvest, Jaan"]
[Result "1/2-1/2"]
[WhiteElo "2365"]
[BlackElo "2465"]

1.d4 d5 2.c4 c6 3.Nc3 Nf6 4.Nf3 dxc4 5.a4 Bf5 6.Ne5 e6 7.f3 Bb4 8.Nxc4 O-O
9.Bg5 h6 10.Bh4 c5 11.dxc5 Qxd1+ 12.Rxd1 Bc2 13.Rc1 Bxa4 14.Bxf6 gxf6 15.Ra1 Bb3
16.Nb6 Nc6 17.Nxa8 Rxa8 18.e3 Bxc5 19.Kf2 f5 20.Na4 Bb4 21.Bb5 Rd8 22.Bxc6 Rd2+
23.Kg3 bxc6 24.Rhc1 Bc2 25.Nc3 a5 26.Nb1 Re2 27.Nc3 Rd2  1/2-1/2

[Event "Kotov mem"]
[Site "Tallinn"]
[Date "1986.??.??"]
[Round "?"]
[White "Stohl, Igor"]
[Black "Ehlvest, Jaan"]
[Result "0-1"]
[WhiteElo "2465"]
[BlackElo "2465"]

1.d4 d5 2.c4 c6 3.Nf3 Nf6 4.Nc3 dxc4 5.Ne5 Be6 6.e4 b5 7.f4 g6 8.g4 Bg7 9.f5 Bc8
10.Bg2 Bb7 11.O-O O-O 12.Be3 c5 13.dxc5 b4 14.Qxd8 Rxd8 15.Nb5 Nc6 16.Nxc6 Bxc6
17.Nd4 Nxg4 18.Nxc6 Nxe3 19.Nxd8 Rxd8 20.Rf2 Nd1 21.Rxd1 Rxd1+ 22.Rf1 Bd4+
23.Kh1 Rxf1+ 24.Bxf1 c3 25.bxc3 bxc3 26.Bd3 Bxc5 27.Kg2 Kg7 28.Kf3 Kf6 29.h3 Bd4
30.Bc2 Kg5 31.Kg3 Be5+ 32.Kf3 Kh4 33.Kg2 g5  0-1

[Event "Kotov mem"]
[Site "Tallinn"]
[Date "1986.??.??"]
[Round "?"]
[White "Ehlvest, Jaan"]
[Black "Djuric, Stefan"]
[Result "1-0"]
[WhiteElo "2465"]
[BlackElo "2435"]

1.e4 e5 2.Nf3 Nc6 3.Bb5 a6 4.Ba4 Nf6 5.O-O Be7 6.Re1 b5 7.Bb3 O-O 8.a4 Bb7
9.d3 d6 10.Nc3 Na5 11.Ba2 b4 12.Ne2 c5 13.c3 bxc3 14.bxc3 c4 15.Ng3 d5 16.Nxe5 dxe4
17.d4 Bd6 18.Bg5 Re8 19.Ng4 Be7 20.Nf5 Nd5 21.Nxe7+ Nxe7 22.Rb1 Qc7 23.Bxe7 Rxe7
24.Ne3 Qc6 25.Rb4 Qg6 26.Qb1 h5 27.Nxc4 Nxc4 28.Rxb7 Nd2 29.Rxe7 Nxb1 30.Bxf7+ Qxf7
31.Rxf7 Kxf7 32.Rxb1 Rc8 33.Rb3 Ke6 34.Kf1 Kd5 35.Ke2 Rc4 36.Ra3 h4 37.a5 Rc6
38.Rb3 h3 39.gxh3 Rh6 40.Rb8 Rxh3 41.Rd8+ Kc6 42.c4 Rxh2 43.Ke3 Rh5 44.d5+ Kc7
45.Rg8 Rh3+ 46.Kxe4  1-0

[Event "URS-ch U20"]
[Site "Tallinn"]
[Date "1986.??.??"]
[Round "?"]
[White "Epishin, Vladimir"]
[Black "Ehlvest, Jaan"]
[Result "1/2-1/2"]
[WhiteElo "2350"]
[BlackElo "2465"]

1.d4 d5 2.c4 c6 3.Nf3 Nf6 4.Nc3 dxc4 5.a4 Bf5 6.e3 e6 7.Bxc4 Bb4 8.Nh4 Bg4
9.Qb3 c5 10.O-O Nc6 11.Na2 Na5 12.Qd3 Nd7 13.Bb5 O-O 14.Nxb4 cxb4 15.Bd2 Qxh4
16.Bxb4 Bf5 17.Qa3 Nc6 18.Bxf8 Rxf8 19.Bxc6 bxc6 20.Qd6 Nb8 21.Rfc1 Qd8 22.Qc5 Qd7
23.b4 a6 24.f3 Bg6 25.Ra3 f6 26.Rb3 Bf7 27.b5 cxb5 28.axb5 e5 29.d5 e4 30.fxe4 axb5
31.Rxb5 Qg4 32.h3 Qxe4 33.Rc4 Qe5 34.Qd4 Qd6 35.Qc5 Qg3 36.Rb7 Re8 37.Qc7 Qxe3+
38.Kh2 Qe5+ 39.Qxe5 fxe5 40.Rcc7 Bxd5 41.Rxg7+  1/2-1/2

[Event "Moscow TV"]
[Site "Moscow"]
[Date "1987.??.??"]
[Round "?"]
[White "Razuvaev, Yuri S"]
[Black "Ehlvest, Jaan"]
[Result "1-0"]
[WhiteElo "2510"]
[BlackElo "2445"]

1.d4 Nf6 2.c4 g6 3.Nc3 Bg7 4.e4 d6 5.f3 O-O 6.Be3 e5 7.d5 c6 8.Bd3 a6 9.Nge2 b5
10.b3 b4 11.Na4 Nfd7 12.O-O a5 13.Qd2 Na6 14.Rad1 Ndc5 15.Nxc5 Nxc5 16.dxc6 Ra6
17.Bc2 Rxc6 18.Bxc5 Rxc5 19.Qxd6 Qc7 20.Qxc7 Rxc7 21.Rd5 Ra7 22.Rfd1 Be6
23.Rd8 Bf6 24.Rxf8+ Kxf8 25.Kf2 Be7 26.f4 Bg4 27.Rd5 Bxe2 28.Kxe2 exf4 29.Kf3 Ke8
30.Kxf4 Rd7 31.e5 Rxd5 32.cxd5 f6 33.d6 Bf8 34.Bd1 fxe5+ 35.Kxe5 Kd7 36.Bg4+ Kc6
37.d7 Kc7 38.Ke6 h5 39.Kf7  1-0

[Event "Vrsac"]
[Site "Vrsac"]
[Date "1987.??.??"]
[Round "?"]
[White "Ehlvest, Jaan"]
[Black "Ivanovic, Bozidar"]
[Result "1-0"]
[WhiteElo "2540"]
[BlackElo "2535"]

1.e4 c5 2.Nf3 Nc6 3.d4 cxd4 4.Nxd4 Nf6 5.Nc3 e5 6.Ndb5 d6 7.Bg5 a6 8.Na3 b5
9.Nd5 Be7 10.Nxe7 Nxe7 11.Bd3 Bb7 12.Bxf6 gxf6 13.Qd2 O-O 14.O-O-O Kh8 15.Rhe1 Rg8
16.g3 Qc7 17.Kb1 Rad8 18.Qh6 Rg6 19.Qc1 Nc6 20.c3 Qb6 21.Qe3 Qxe3 22.Rxe3 d5
23.exd5 Rxd5 24.Ree1 Rg8 25.Be4 Rxd1+ 26.Rxd1 Rd8 27.Kc1 Kg8 28.Nc2 Rxd1+
29.Kxd1 Na5 30.Bd3 Nc6 31.Be4 Na5 32.Bd3 Nc6 33.c4 bxc4 34.Bxc4 Ne7 35.Nb4 a5
36.Nd3 Bc6 37.Nc5 Nf5 38.Nb3 Ba4 39.Kd2 Bxb3 40.Bxb3 Nd6 41.Bd5 Kf8 42.Kc3 Ke7
43.Kb3 Nc8 44.Be4 Nd6 45.Bc2 e4 46.Ka4 f5 47.Kxa5 Nc4+ 48.Kb4 Ne5 49.h3 Kd6
50.a4 Nf3 51.a5 Ng5 52.a6 Kc7 53.Kc5 Nxh3 54.Ba4 Nxf2 55.Bc6 Nd3+ 56.Kb5 e3
57.a7 e2 58.a8=Q e1=Q 59.Qb7+ Kd6 60.Qd7+ Ke5 61.Qxd3  1-0

[Event "Vrsac"]
[Site "Vrsac"]
[Date "1987.??.??"]
[Round "?"]
[White "Ehlvest, Jaan"]
[Black "Geller, Efim P"]
[Result "1-0"]
[WhiteElo "2540"]
[BlackElo "2515"]

1.e4 e5 2.Nf3 Nc6 3.Bb5 a6 4.Ba4 Nf6 5.O-O Be7 6.Re1 b5 7.Bb3 O-O 8.c3 d5
9.exd5 Nxd5 10.Nxe5 Nxe5 11.Rxe5 c6 12.d4 Bd6 13.Re2 Qh4 14.g3 Qh5 15.Nd2 Bh3
16.f3 Bc7 17.Ne4 Rae8 18.Qd3 f5 19.Ng5 f4 20.Nxh3 fxg3 21.Rxe8 Rxe8 22.Kg2 gxh2
23.Bd2 Kh8 24.Ng5 Bf4 25.Ne4 Re6 26.Kh1 Bxd2 27.Bxd5 cxd5 28.Nxd2 Qg5 29.f4 Qh4
30.Qf5 Re8 31.Rf1 h6  1-0

[Event "Mazatlan rapid"]
[Site "Mazatlan"]
[Date "1988.??.??"]
[Round "?"]
[White "Ehlvest, Jaan"]
[Black "Karpov, Anatoly"]
[Result "0-1"]
[WhiteElo "2585"]
[BlackElo "2715"]

1.d4 Nf6 2.c4 e6 3.Nc3 d5 4.Bg5 Be7 5.e3 h6 6.Bh4 O-O 7.Rc1 b6 8.cxd5 Nxd5
9.Nxd5 exd5 10.Bxe7 Qxe7 11.Ne2 Bb7 12.Nf4 Rd8 13.Be2 c5 14.O-O cxd4 15.Qxd4 Nc6
16.Qa4 Qe4 17.Bb5 Na5 18.h3 Qxa4 19.Bxa4 Nc4 20.Nd3 Rac8 21.Rfd1 Re8 22.Bb3 b5  0-1

[Event "Mazatlan rapid"]
[Site "Mazatlan"]
[Date "1988.??.??"]
[Round "?"]
[White "Ehlvest, Jaan"]
[Black "Dlugy, Maxim"]
[Result "1-0"]
[WhiteElo "2585"]
[BlackElo "2550"]

1.e4 c6 2.d3 d5 3.Nd2 Qc7 4.Ngf3 Bg4 5.h3 Bh5 6.g3 e6 7.Bg2 Nf6 8.O-O Be7
9.Qe2 c5 10.g4 Bg6 11.Nh4 dxe4 12.dxe4 Nfd7 13.Nxg6 hxg6 14.f4 Nc6 15.c3 g5
16.Nc4 gxf4 17.Bxf4 Nde5 18.Rad1 f6 19.g5 a6 20.gxf6 gxf6 21.Kh1 b5 22.Ne3 Bd6
23.Ng4 O-O-O 24.Nxf6 Ng6 25.Bxd6 Rxd6 26.Rxd6 Qxd6 27.e5 Qxe5 28.Qd3 Nge7
29.Qd7+ Kb8 30.Qxe7 Nxe7 31.Nd7+ Kc7 32.Nxe5 Nf5 33.Kh2  1-0

[Event "URS Cup rapid"]
[Site "Tallinn"]
[Date "1988.??.??"]
[Round "2"]
[White "Ehlvest, Jaan"]
[Black "Gavrikov, Viktor"]
[Result "1/2-1/2"]
[WhiteElo "2585"]
[BlackElo "2545"]

1.f4 d5 2.Nf3 g6 3.g3 Bg7 4.Bg2 c6 5.d3 Nd7 6.e4 dxe4 7.dxe4 Qb6 8.Nc3 Nc5
9.e5 Nh6 10.Rb1 Bg4 11.Be3 Nf5 12.Bf2 Rd8 13.Qc1 Bxf3 14.Bxf3 Nd4 15.Bg2 Qb4
16.O-O O-O 17.Re1 Qc4 18.Qe3 Nce6 19.Rbc1 Qb4 20.Nd1 Nf5 21.Qc3 a5 22.a3 Qxc3
23.Nxc3 Nfd4 24.Ne4 a4 25.c3 Nb3 26.Rcd1 Rxd1 27.Rxd1 Rd8 28.Bf3 f6 29.exf6 exf6
30.Bb6 Rxd1+ 31.Bxd1 f5 32.Bxb3 axb3 33.Nd2 g5 34.fxg5 Nxg5 35.Nxb3 Nf3+
36.Kf2 Nxh2 37.Nc5 Ng4+ 38.Ke2 Ne5 39.b3 Bf8 40.Nxb7 Bxa3 41.Bd4 Ng6 42.b4 Kf7
43.Nd8+ Ke7 44.Nxc6+ Kd6  1/2-1/2

[Event "URS Cup rapid"]
[Site "Tallinn"]
[Date "1988.??.??"]
[Round "3"]
[White "Bagirov, Vladimir"]
[Black "Ehlvest, Jaan"]
[Result "1-0"]
[WhiteElo "2480"]
[BlackElo "2585"]

1.b3 d5 2.Bb2 Bg4 3.g3 c6 4.Bg2 Nd7 5.Nf3 Ngf6 6.c4 e6 7.O-O Bd6 8.d4 Qe7
9.Nbd2 Ba3 10.Qc1 Bxb2 11.Qxb2 O-O 12.Rfe1 Rad8 13.Rac1 Rfe8 14.e3 h6 15.cxd5 exd5
16.b4 a6 17.a4 Nb6 18.Qb3 Ne4 19.Nxe4 dxe4 20.Nd2 Be6 21.Qb1 Bd5 22.a5 Na8
23.Nb3 Nc7 24.Nc5 Nb5 25.Bf1 Nd6 26.Na4 f5 27.Rc5 Nf7 28.Nb6 Be6 29.Be2 Qf6
30.Rd1 Ng5 31.d5 cxd5 32.Nxd5 Bxd5 33.Rcxd5 Nf3+ 34.Bxf3  1-0

[Event "URS Cup rapid"]
[Site "Tallinn"]
[Date "1988.??.??"]
[Round "7"]
[White "Ehlvest, Jaan"]
[Black "Vaisser, Anatoli"]
[Result "1/2-1/2"]
[WhiteElo "2585"]
[BlackElo "2490"]

1.e4 e6 2.d4 d5 3.Nc3 Bb4 4.e5 Ne7 5.a3 Bxc3+ 6.bxc3 c5 7.Nf3 Qc7 8.a4 Nbc6
9.Rb1 f6 10.exf6 gxf6 11.Be2 Bd7 12.O-O O-O-O 13.Ne1 c4 14.g3 Rdg8 15.Ng2 Nf5
16.Bg4 Nce7 17.Re1 e5 18.dxe5 fxe5 19.Ba3 Rxg4 20.Qxg4 Ng6 21.Qg5 e4 22.Qf6 Re8
23.f4 Qc6 24.Qxc6+ Bxc6 25.Bc5 Bxa4 26.Ra1 b5 27.Bxa7 h5 28.Re2 Kb7 29.Bf2 Kc6
30.Ne3 Nxe3 31.Bxe3 Ne7 32.Bd4 Nf5 33.Be5 Rg8 34.Kf2 Kc5 35.Rd1 h4 36.Rg1 hxg3+
37.hxg3 Nh6 38.Bd4+ Kc6 39.Ke1 Nf5 40.Bf2  1/2-1/2

[Event "URS Cup rapid"]
[Site "Tallinn"]
[Date "1988.??.??"]
[Round "8"]
[White "Ehlvest, Jaan"]
[Black "Romanishin, Oleg M"]
[Result "1/2-1/2"]
[WhiteElo "2585"]
[BlackElo "2570"]

1.e4 e5 2.Nf3 Nc6 3.Bb5 a6 4.Ba4 Nf6 5.O-O Be7 6.Re1 b5 7.Bb3 d6 8.c3 O-O
9.h3 Na5 10.Bc2 c5 11.d4 Bb7 12.Nbd2 cxd4 13.cxd4 exd4 14.Nxd4 Re8 15.Nf5 Bf8
16.Ng3 g6 17.Nf3 Bg7 18.a4 Rc8 19.axb5 axb5 20.Bd3 b4 21.Qa4 Nc6 22.Qb3 Nd7
23.Bc4 Nce5 24.Nxe5 Nxe5 25.Bf1 Nc6  1/2-1/2

[Event "URS Cup rapid"]
[Site "Tallinn"]
[Date "1988.??.??"]
[Round "10"]
[White "Ehlvest, Jaan"]
[Black "Makarichev, Sergey"]
[Result "1-0"]
[WhiteElo "2585"]
[BlackElo "2485"]

1.Nf3 e6 2.c4 f5 3.g3 Nf6 4.Bg2 Be7 5.O-O O-O 6.d3 Nc6 7.Nc3 d6 8.e4 e5 9.Nd5 fxe4
10.dxe4 Bg4 11.Qd3 Nd7 12.Ne1 Nc5 13.Qd2 Nd4 14.f3 Bh5 15.b4 Nce6 16.Bb2 Bg5
17.Qf2 c6 18.Ne3 Qb6 19.N3c2 Bxf3 20.Bxd4 Bxg2 21.Qxf8+ Nxf8 22.Rxf8+ Rxf8
23.Bxb6 Bxe4 24.Bc7 Be7 25.Rd1 b6 26.Bxd6 Rd8 27.c5 bxc5 28.bxc5 Rd7 29.Ne3 Bg5
30.Ng4 Rb7 31.h4 Bd8 32.Bxe5 Ba5 33.Nf2 Bd5 34.Ned3 Rb5 35.Nf4 Bf3 36.Rd3  1-0

[Event "URS Cup rapid"]
[Site "Tallinn"]
[Date "1988.??.??"]
[Round "11"]
[White "Psakhis, Lev"]
[Black "Ehlvest, Jaan"]
[Result "1/2-1/2"]
[WhiteElo "2550"]
[BlackElo "2585"]

1.e4 e6 2.d4 d5 3.Nd2 c5 4.exd5 Qxd5 5.Ngf3 cxd4 6.Bc4 Qd6 7.O-O Nf6 8.Nb3 Nc6
9.Nbxd4 Nxd4 10.Qxd4 Qxd4 11.Nxd4 Bd7 12.Be2 Bc5 13.Nb3 Bd6 14.Bd2  1/2-1/2

[Event "Thessaloniki ol (Men)"]
[Site "Thessaloniki"]
[Date "1988.??.??"]
[Round "1"]
[White "Ehlvest, Jaan"]
[Black "Akeel, Mahmoud"]
[Result "1/2-1/2"]
[WhiteElo "2580"]
[BlackElo "2200"]

1.e4 c6 2.d3 d5 3.Qe2 dxe4 4.dxe4 e5 5.Nf3 Nf6 6.Nbd2 Qc7 7.g3 Be7 8.Bg2 O-O
9.O-O b6 10.b3 Ba6 11.Nc4 c5 12.c3 Nc6 13.Re1 Rad8 14.Bf1 Rfe8 15.Qc2 h6
16.a4 Bf8 17.Nfd2 Bb7 18.Bg2 g6 19.Bb2 Bg7 20.Rad1 Rd7 21.Nb1 Red8 22.Nba3 Ne8
23.Bh3 Rxd1 24.Rxd1 Qe7 25.Ne3 Na5 26.Rxd8 Qxd8 27.Nac4 Nxc4 28.Nxc4 f5 29.Bg2 Qa8
30.f3 fxe4 31.fxe4 Qd8 32.Ne3 Nf6 33.c4 Qd6 34.Nd5 Nxd5 35.exd5 Bc8 36.Be4 Kh7
37.h4 h5 38.Bc1 Bh6 39.Bxh6 Kxh6 40.a5 Qf6 41.Qd2+ Kg7 42.b4 Qd6 43.b5 Bd7
44.Kh2 Bc8 45.axb6 axb6 46.Qa2 Qb8 47.Qa1 Bg4 48.Bg2 Bf5 49.Kg1 Kh7 50.Kh2 Kg7
51.Qf1 Qd6 52.Bh3 Bxh3 53.Kxh3 Qd7+ 54.Kg2 Qg4 55.Qd3 Qd4 56.Qxd4 exd4  1/2-1/2

[Event "Thessaloniki ol (Men)"]
[Site "Thessaloniki"]
[Date "1988.??.??"]
[Round "5"]
[White "Petursson, Margeir"]
[Black "Ehlvest, Jaan"]
[Result "0-1"]
[WhiteElo "2530"]
[BlackElo "2580"]

1.d4 Nf6 2.c4 e6 3.Nf3 Bb4+ 4.Nbd2 O-O 5.a3 Be7 6.e4 d5 7.e5 Nfd7 8.cxd5 exd5
9.Bd3 c5 10.O-O Nc6 11.Re1 Re8 12.h3 a5 13.Bc2 Qb6 14.Nf1 Nf8 15.Be3 cxd4
16.Nxd4 Bc5 17.Ba4 Bxd4 18.Bxd4 Qxd4 19.Qxd4 Nxd4 20.Bxe8 Nc2 21.Bb5 Nxa1
22.Rxa1 Ng6 23.Rd1 Be6 24.Ne3 Kf8 25.Nxd5 Rd8 26.Ne3 Rxd1+ 27.Nxd1 Nxe5 28.f4 Ng6
29.g3 Bxh3 30.Ne3 Ne7 31.Nc4 Nf5 32.Nxa5 Nd6 33.Bd3 Be6 34.Kf2 Ke7 35.Ke3 Kd7
36.b3 h5 37.Nc4 Nxc4+ 38.bxc4 Kd6 39.Kd4 b6 40.Be2 g6 41.Bd3 Bd7 42.Be4 Be8
43.Bd5 f6 44.Bg8 g5 45.fxg5 fxg5 46.Ke4 Bd7 47.Bf7 h4 48.gxh4 gxh4 49.Kf3 Be6
50.Bg6 Kc5 51.Bb1 Kd4 52.Kf4 Bd7 53.Be4 Kxc4 54.Bc2 Kc3 55.Bd1 Kb2 56.a4 Ka3
57.Bc2 Kb4 58.Bd1 Kc4 59.Bf3 Kc5 60.Be2 Kd4 61.Kf3  0-1

[Event "Thessaloniki ol (Men)"]
[Site "Thessaloniki"]
[Date "1988.??.??"]
[Round "7"]
[White "Ernst, Thomas"]
[Black "Ehlvest, Jaan"]
[Result "1-0"]
[WhiteElo "2450"]
[BlackElo "2580"]

1.e4 g6 2.d4 Bg7 3.Nc3 c6 4.Bc4 d6 5.Qf3 e6 6.Nge2 Nd7 7.Bf4 Ngf6 8.Rd1 Qe7
9.Bg5 h6 10.Bh4 O-O 11.O-O a5 12.a3 e5 13.d5 g5 14.Bg3 Nb6 15.Bb3 a4 16.Ba2 c5
17.Qd3 Nh5 18.f3 Nf4 19.Qd2 f5 20.exf5 Bxf5 21.Ne4 Qd7 22.c4 Rf7 23.N2c3 Raf8
24.Rde1 g4 25.fxg4 Bxg4 26.Rf2 Qe7 27.Ref1 Bf5 28.Rd1 h5 29.h4 Bh6 30.Qc2 Rg7
31.Rf3 Kh8 32.Re1 Rfg8 33.Qf2 Bg4 34.Rxf4 exf4 35.Bxf4 Bxf4 36.Qxf4 Rg6 37.Rf1 Qxh4
38.Nxd6 Nd7 39.Bb1 Rf6 40.Bf5 Qg5 41.Qxg5 Rxg5 42.Bxd7 Rxd6 43.Ne4 Rxd7 44.Nxg5 Kg7
45.Ne4 Be2 46.Rf4 Rf7 47.Rxf7+ Kxf7 48.Kf2 Bd3 49.Ke3 Bf1 50.g3 b6 51.Nd2 Bh3
52.Kf4 Bg4 53.Ke5 Ke7 54.Ne4 Bd1 55.Nc3 Bc2 56.d6+ Kd7 57.Kd5 Bh7 58.Nxa4 Bg8+
59.Ke5 Kc6 60.b3 Bf7 61.Kf6  1-0

[Event "Yerevan"]
[Site "Yerevan"]
[Date "1988.??.??"]
[Round "?"]
[White "Psakhis, Lev"]
[Black "Ehlvest, Jaan"]
[Result "1-0"]
[WhiteElo "2550"]
[BlackElo "2585"]

1.e4 e6 2.d4 d5 3.Nc3 Bb4 4.e5 Ne7 5.a3 Bxc3+ 6.bxc3 c5 7.Qg4 O-O 8.Bd3 f6
9.exf6 Rxf6 10.Bg5 Rf7 11.Qh5 g6 12.Qh4 Qc7 13.Qg3 Qa5 14.Bd2 c4 15.Be2 Nf5
16.Qg5 Nd7 17.g4 Nd6 18.f3 Qa4 19.h4 Rf6 20.h5 Nf7 21.Qh4 gxh5 22.Qxh5 Nf8
23.Qh4 Rg6 24.Nh3 Rg7 25.Nf4 Ng6 26.Nxg6 hxg6 27.Qf6 Bd7 28.Bh6 Nxh6 29.Rxh6 Rf8
30.Rh8+ Kxh8 31.Qxf8+ Kh7 32.g5  1-0

[Event "Yerevan"]
[Site "Yerevan"]
[Date "1988.??.??"]
[Round "?"]
[White "Romanishin, Oleg M"]
[Black "Ehlvest, Jaan"]
[Result "1-0"]
[WhiteElo "2570"]
[BlackElo "2585"]

1.e4 e5 2.Nf3 Nf6 3.d4 Nxe4 4.Bd3 d5 5.dxe5 Nc6 6.O-O Bg4 7.Nc3 Nxc3 8.bxc3 Be7
9.Re1 Qd7 10.h3 Bh5 11.Rb1 Nd8 12.Be2 c6 13.c4 dxc4 14.Qxd7+ Kxd7 15.e6+ Kc7
16.exf7 Nxf7 17.Bxc4 Bd6 18.Nd4 Rhe8 19.Ne6+ Kd7 20.Rxb7+  1-0

[Event "Yerevan"]
[Site "Yerevan"]
[Date "1988.??.??"]
[Round "?"]
[White "Akopian, Vladimir"]
[Black "Ehlvest, Jaan"]
[Result "1/2-1/2"]
[WhiteElo "2460"]
[BlackElo "2585"]

1.e4 e6 2.d4 d5 3.Nd2 c5 4.exd5 Qxd5 5.Ngf3 cxd4 6.Bc4 Qd6 7.O-O Nf6 8.Nb3 Nc6
9.Nbxd4 Nxd4 10.Nxd4 Bd7 11.Be3 Qc7 12.Qe2 Bc5 13.Rad1 O-O 14.Bg5 Nd5 15.Bxd5 exd5
16.c3 Rfe8 17.Qd2 Bd6 18.h3 Qc4 19.a3 Bf8 20.Rfe1 Re4 21.f3 Ree8 22.Bh4 Bd6
23.Rxe8+ Rxe8 24.Re1 Rc8 25.Bf2 a5 26.Nc2 Qa2 27.Qc1 h6 28.Bd4 b5 29.Ne3 Bg3
30.Rd1 b4 31.axb4 axb4 32.Qb1 Qb3 33.Qc2 Qxc2 34.Nxc2 Ba4 35.Rd2 bxc3 36.bxc3 Bb3
37.Re2 Ra8 38.Bf2 Bc4 39.Rd2 Bf4 40.Be3 Be5 41.Bd4 Bg3 42.Bf2 Bc7 43.Ne3 Be5
44.Rd1 Bb3 45.Rb1 Ba2 46.Rd1 Bb3 47.Rb1 Ra3 48.Be1 h5 49.Bd2 Bc4 50.Rc1 h4
51.Nxc4 dxc4 52.Kf1 Kh7 53.Be1 g5 54.Rc2 Kg6 55.Ke2 Kf5 56.Ke3 Ra1 57.Ke2 f6
58.Bf2 Ke6 59.Be3 Ra3 60.Bd2 Kf5 61.Be1 Ra1 62.Bf2 Ke6 63.Be3 Kd5 64.Bd2 Rg1
65.Kf2 Rb1 66.Ke2 Kc6 67.Rc1 Rb8 68.Kd1 Ra8 69.Rc2 Ra1+ 70.Rc1 Ra3 71.Rc2 Kc5
72.Rc1 Ra8 73.Rc2 Rd8 74.Ke2 Re8 75.Kd1 Rb8 76.Rc1 Rb2 77.Rc2 Rb3 78.Rc1 Kd5
79.Kc2 Rb5 80.Ra1  1/2-1/2

[Event "Yerevan"]
[Site "Yerevan"]
[Date "1988.??.??"]
[Round "?"]
[White "Ehlvest, Jaan"]
[Black "Petrosian, Arshak B"]
[Result "1/2-1/2"]
[WhiteElo "2585"]
[BlackElo "2480"]

1.d4 d5 2.c4 e6 3.Nc3 Nf6 4.Nf3 Be7 5.Bg5 h6 6.Bxf6 Bxf6 7.e3 O-O 8.Rc1 c6
9.Bd3 Nd7 10.O-O dxc4 11.Bxc4 e5 12.Ne4 exd4 13.Nxf6+ Nxf6 14.Qxd4 Qxd4 15.Nxd4 Rd8
16.Rfd1  1/2-1/2

[Event "Clermont Ferrand"]
[Site "Clermont Ferrand"]
[Date "1989.??.??"]
[Round "?"]
[White "Ehlvest, Jaan"]
[Black "Renet, Olivier"]
[Result "1/2-1/2"]
[WhiteElo "2620"]
[BlackElo "2515"]

1.c4 Nf6 2.Nc3 e5 3.Nf3 Nc6 4.g3 Bc5 5.d3 d6 6.Bg2 h6 7.O-O O-O 8.a3 a5 9.e3 Bf5
10.b3 Re8 11.Bb2 Ba7 12.h3 Qd7 13.Kh2 Bh7 14.Nh4 Bb6 15.Rc1 Rad8 16.Qd2 Qc8
17.Na4 Ba7 18.b4 axb4 19.axb4 Ne7 20.Ra1 Ng6 21.Nxg6 Bxg6 22.e4 Nh7 23.f4 f6
24.Bf3 c6 25.Rae1 Qc7 26.d4 exd4 27.Bxd4 Bxd4 28.Qxd4 Nf8 29.Qf2 Bf7 30.Nb6 Nd7
31.Nxd7  1/2-1/2